000 00821nam a2200265 a 4500
001 BRCA_3993
005 20190320204514.0
008 150110s1913----nyuac#####---#000-0#eng-#
041 _aeng
044 _anyu
050 4 _aND588.H6
_b.W67 1 1913
245 1 0 _aThe work of Hans Holbein.
260 _aNueva York
_bBretano´s
_c1913
300 _a11 p.
_bil., retratos, 228 p. de láminas
_c27 cm.
440 0 _aClassics in art series
_v14
_910384
500 _aReproduced in two hundred and fifty two illustrations with a biographical introduction
500 _aEdición con canto de cabeza dorado
500 _aEjemplar igual a M36
500 _aCEF1
600 1 4 _aHolbein, Hans
_d1497-1543
_910385
650 1 4 _aPintores alemanes
_9797
650 1 4 _aPinturas alemanas
_910386
902 _aGFM
942 _2lcc
_cB
999 _c3719
_d3719